Dlaczego ludzie wstają w nocy z łóżka ? - Statystyki

Ogólne statystyki
  • Ten quiz został rozwiązany 46 razy
  • Średni wynik to 2 z 7
Statystyki odpowiedzi
Odpowiedź % Poprawnych
Napić się
93%
Zjeść
51%
Lunatykują
15%
Zapalić Papierosa
7%
Nakarmić dziecko
2%
Żeby skorzystać z WC
0%
Zwymiotować
0%
Nie znaleziono quizów pasujących do podanych kryteriów
Rozkład punktacji
Procent ludzi z każdym wynikiem
Percentyl według liczby udzielonych odpowiedzi
Twoja historia wyników
Nie rozwiązałeś tego quizu